000 00868nam a2200241 a 4500
001 000013180
005 20240412074238.0
008 091102s1957 dr a 001 d spa d
040 _aDO-SdBNP
_bspa
_cBNPHU
082 _aRD862.44
_bR918t, 1957
100 1 _aRueda, Manuel
_d1921-1999
_922834
245 1 3 _aLa trinitaria blanca :
_bcomedia dramática en tres actos /
_cManuel Rueda ; prólogo Juan González-Chamorro.
260 _aCiudad Trujillo, República Dominicana :
_bLibrería Dominicana,
_c1957.
300 _a186 p. :
_bil. ;
_c22 cm.
490 1 _aPensamiento dominicano
650 0 _aDrama dominicano
_928197
650 0 _aTeatro dominicano
_9637
650 0 _aLiteratura dominicana.
_967
700 1 2 _aGonzález-Chamorro, Juan,
_epról.
_928198
830 0 _aPensamiento dominicano
_919047
910 _aValidado. Control de calidad MFF
049 _aBNPD
999 _c12819
_d12819